| 000 | 00612nam a2200181Ia 4500 | ||
|---|---|---|---|
| 003 | GCL | ||
| 008 | 140319s9999 xx 000 0 ara d | ||
| 040 |
_aGCL / _cGCL |
||
| 082 | 0 | 4 |
_a239 _bن ج |
| 100 | 1 | _aالبنهانى، يوسف بن اسماعيل | |
| 245 | 1 | 0 |
_aجواهر البحار فى فضائل النبى المختار / _cالبنهانى، يوسف بن اسماعيل |
| 260 |
_a[S.N] : _bمطبعة مصطفى البابى الحلبى ، _c1960 |
||
| 490 | _a | ||
| 650 | 0 | 4 | _aالاسلام |
| 650 | 0 | 4 | _aالسيرة النبوية |
| 650 | 0 | 4 | _aالديانات |
| 942 |
_2ddc _cBK |
||
| 999 |
_c58788 _d58788 |
||